| 000 | 01097nam a2200313 i 4500 | ||
|---|---|---|---|
| 003 | EG-GICUC | ||
| 005 | 20260301094258.0 | ||
| 008 | 260301s1993 fr ||||fr|||| 00| 0 fre d | ||
| 040 |
_aEG-GiCUC _bfre _cEG-GiCUC _dEG-GiCUC _eRda |
||
| 041 | _afre | ||
| 082 | 0 | 4 |
_221 _a341.72 _bBR.R |
| 092 | 0 | 4 | _221 |
| 099 | _aLaw1 11 341.72 BR.R 1993 | ||
| 100 | 1 |
_aBressand , M. Alain Moyne _eAuteur |
|
| 245 |
_aRapport D'information : _bDéposé En Application De L'article 145 Du Règlement Par La Commission De La Défense Nationale Et Des Forces Sur Le Corps Européen / _c M. Alain Moyne Bressand . |
||
| 264 |
_aParis : _bAssemblée Nationale , _c1993 . |
||
| 300 |
_a74 page ; _c 24 cm. |
||
| 336 |
_2rda contenu _a texte |
||
| 337 |
_2rda medias _aOrdinateur |
||
| 338 |
_2 transporteur rda _a Ressource en ligne |
||
| 490 |
_aASSEMBLÉE NATIONALE _vNo.845 |
||
| 546 | _aTexte en français | ||
| 650 | 1 | _aDéfense nationale | |
| 650 | 1 | _a Droit international | |
| 651 | 1 | _2qrmak | |
| 856 | 4 | 0 | _uhttps://fll.law.cu.edu.eg/fulltext/bks/B11-07949.pdf |
| 905 | _a60 | ||
| 942 |
_2ddc _cBK _e21 _n0 |
||
| 999 |
_c64470 _d64470 |
||